00219nam a2200073Ia 4500008004100000050002500041100002400066245005500090230915s9999 xx 000 0 und d aRC 776 .P87 H39 2012 aHAYES,BOYER RONALD  0a`PULMONARY HYPERTENSION:A PATIENT'S SURVIVAL GUIDE